Welcome to CU Library Online Public Access Catalogue (OPAC)

International relations : (Record no. 9447)

MARC details
000 -LEADER
fixed length control field 01033pam a2200253 a 4500
001 - CONTROL NUMBER
control field 2486706
005 - DATE AND TIME OF LATEST TRANSACTION
control field 20260422124816.0
008 - FIXED-LENGTH DATA ELEMENTS--GENERAL INFORMATION
fixed length control field 910418s1992 nyuab b 001 0 eng
020 ## - INTERNATIONAL STANDARD BOOK NUMBER
International Standard Book Number 0070490791 :
Terms of availability $28.25 (list)
020 ## - INTERNATIONAL STANDARD BOOK NUMBER
International Standard Book Number 9780070490796
050 00 - LIBRARY OF CONGRESS CALL NUMBER
Classification number JX1391
Item number .P4 1992
082 00 - DEWEY DECIMAL CLASSIFICATION NUMBER
Classification number 327
Edition information 20
100 1# - MAIN ENTRY--PERSONAL NAME
Personal name Pearson, Frederic S.
245 10 - TITLE STATEMENT
Title International relations :
Remainder of title the global condition in the late twentieth century /
Statement of responsibility, etc. Frederic S. Pearson, J. Martin Rochester.
250 ## - EDITION STATEMENT
Edition statement 3rd ed.
260 ## - PUBLICATION, DISTRIBUTION, ETC.
Place of publication, distribution, etc. New York :
Name of publisher, distributor, etc. McGraw-Hill,
Date of publication, distribution, etc. c1992.
300 ## - PHYSICAL DESCRIPTION
Extent xx, 668 p. :
Other physical details ill., maps (some col.) ;
Dimensions 24 cm.
650 #0 - SUBJECT ADDED ENTRY--TOPICAL TERM
Topical term or geographic name entry element International relations.
700 1# - ADDED ENTRY--PERSONAL NAME
Personal name Rochester, J. Martin.
856 42 - ELECTRONIC LOCATION AND ACCESS
Materials specified Contributor biographical information
Uniform Resource Identifier <a href="http://www.loc.gov/catdir/enhancements/fy0602/91017821-b.html">http://www.loc.gov/catdir/enhancements/fy0602/91017821-b.html</a>
856 42 - ELECTRONIC LOCATION AND ACCESS
Materials specified Publisher description
Uniform Resource Identifier <a href="http://www.loc.gov/catdir/enhancements/fy0602/91017821-d.html">http://www.loc.gov/catdir/enhancements/fy0602/91017821-d.html</a>
856 41 - ELECTRONIC LOCATION AND ACCESS
Materials specified Table of contents only
Uniform Resource Identifier <a href="http://www.loc.gov/catdir/enhancements/fy0602/91017821-t.html">http://www.loc.gov/catdir/enhancements/fy0602/91017821-t.html</a>
942 ## - ADDED ENTRY ELEMENTS (KOHA)
Source of classification or shelving scheme Library of Congress Classification
Koha item type Books
Edition 3rd ed.
Suppress in OPAC No
999 ## -
-- 9447
-- 9447
Holdings
Withdrawn status Lost status Source of classification or shelving scheme Damaged status Not for loan Collection Home library Current library Shelving location Date acquired Total checkouts Full call number Barcode Date last seen Copy number Price effective from Koha item type
    Library of Congress Classification     Non-fiction Business Library (Miotso) Business Library (Miotso) General stacks 04/22/2026   JX1391 .P4 1992 BSSM00003529 04/22/2026 1 04/22/2026 Books
    Library of Congress Classification     Non-fiction Business Library (Miotso) Business Library (Miotso) General stacks 04/22/2026   JX1391 .P4 1992 BSSM00003530 04/22/2026 2 04/22/2026 Books
© 2023-2024 Copyright: Central University Libraries. All Rights Reserved | Created by: Mahone Tech Office